00265pam a2200109 a 4500020000500000041000500005100002800010245005900038250000900097260003900106300001000145 c h aRajesh Gopal.,eAuthor. aFundamentals of Wildlife ManagementhTextual Documents a1st. a[s.l]:bNatraj Publisher Dhar Dun. a1295.